书目信息 |
| 题名: |
如何应对核与辐射恐怖
|
|
| 作者: | 叶常青 , 陈竹舟 主编 | |
| 分册: | ||
| 出版信息: | 北京 科学出版社 2006.06 |
|
| 页数: | 138页 | |
| 开本: | 21cm | |
| 丛书名: | 中国工程院"反爆炸.生物.化学.核与辐射恐怖活动"科普系列 | |
| 单 册: | ||
| 中图分类: | TL7.44 | |
| 科图分类: | ||
| 主题词: | 核工程--辐射防护 | |
| 电子资源: | ||
| ISBN: | 7-03-017221-3 | |
| 000 | 00752 nam 000241 | |
| 001 | 0100001602 | |
| 005 | 20070903085827.93 | |
| 010 | @a7-03-017221-3@dCNY16.00 | |
| 100 | @a20070803d2006 em y0chiy0121 ea | |
| 101 | @achi | |
| 102 | @aCN@b110000 | |
| 105 | @ay z 000yy | |
| 200 | 10 | @a如何应对核与辐射恐怖@9ru he ying dui he yu fu she kong bu@f陈竹舟,叶常青主编@Fchen zhu zhou , xie chang qing zhu bian |
| 210 | @a北京@c科学出版社@d2006.06 | |
| 215 | @a138页@d21cm | |
| 225 | @a中国工程院"反爆炸.生物.化学.核与辐射恐怖活动"科普系列 | |
| 606 | @a核工程@x辐射防护 | |
| 690 | @aTL7.44@v4 | |
| 701 | 1 | @a叶常青@9xie chang qing@4主编 |
| 701 | 0 | @a陈竹舟@9chen zhu zhou@4主编 |
| 801 | @aCN@c20070903 | |
| 901 | @a000003 | |
| 905 | @dTL7.44@eC650 | |
| 如何应对核与辐射恐怖/陈竹舟,叶常青主编.-北京:科学出版社,2006.06 |
| 138页;21cm.-(中国工程院"反爆炸.生物.化学.核与辐射恐怖活动"科普系列) |
| ISBN 7-03-017221-3:CNY16.00 |
| ● |
| 相关链接 |
|
|
|
正题名:如何应对核与辐射恐怖
索取号:TL7.44/C650
 
预约/预借
| 序号 | 登录号 | 条形码 | 馆藏地/架位号 | 状态 | 备注 |
| 1 | 643286 | 206432868 | 自科二线504/504自科库 39排1列4层/ [索取号:TL7.44/C650] | 在馆 | |
| 2 | 643287 | 206432877 | 自科库501/501自科库 136排9列2层/ [索取号:TL7.44/C650] | 在馆 | |
| 3 | 643288 | 206432886 | 自科库501/501自科库 136排9列2层/ [索取号:TL7.44/C650] | 在馆 |